Top 30 : Karol G - Statistiques

Statistiques générales
  • Ce quiz a été pris 44 fois
  • Le résultat moyen est 13 sur 30
Statistiques - réponses
Top Titres Featuring % Correct
4 TQG Shakira
96%
1 Tusa Nicki Minaj
96%
7 MAMIII Becky G
78%
2 PROVENZA
70%
10 Secreto Anuel AA
63%
25 Ahora Me Llama Bad Bunny
59%
6 China Anuel AA, Daddy Yankee, J Balvin, Ozuna
59%
5 QLONA Peso Pluma
56%
3 Si Antes Te Hubiera Conocido
56%
28 UNA NOCHE EN MEDELLÍN - REMIX Cris MJ, Ryan Castro
56%
8 AMARGURA
48%
29 FRIKI Feid
48%
13 X SI VOLVEMOS Romeo Santos
48%
9 BICHOTA
44%
15 EL MAKINON Mariah Angeliq
44%
21 Culpables Anuel AA
41%
24 200 COPAS
37%
17 Créeme Maluma
37%
23 EL BARCO
37%
19 GATÚBELA Maldy
33%
30 Ocean
33%
20 A Ella
30%
18 CAIRO Ovy on the Drums
26%
12 Don't Be Shy Tiësto
26%
16 MIENTRAS ME CURO DEL CORA
22%
11 MI EX TENÍA RAZÓN
22%
22 Caramelo - Remix Ozuna, Myke Towers
19%
14 Ay, DiOs Mío!
15%
26 SEJODIOTO
11%
27 Poblado - Remix J Balvin, Nicky Jam, Crissin, Totoy El Frio, Natan y Shander
7%
Aucun quiz correspondant
Distribution des résultats
% des personnes avec chaque résultat
Percentile par nombre de réponses
Votre historique - résultats
Vous n’avez pas pris ce quiz